| 000 | 01063nac a22003137a 4500 | ||
|---|---|---|---|
| 001 | BR5800009 | ||
| 003 | BR-BrBNA | ||
| 005 | 20240105112930.0 | ||
| 008 | 230509b bl.|||m| |||| 00| 0 por d | ||
| 040 |
_aBR-BrBNA _bpor _cBiblioteca Nacional de Agricultura |
||
| 072 | _aL00 | ||
| 090 | _a5212 BR5800009 | ||
| 110 | 1 |
_aMinisterio da Agricultura, Rio de Janeiro, GB (Brasil). Servico de Estatistica da Producao _96970 |
|
| 245 | 1 | _aCarnes, derivados e subprodutos 1956/1957 [Abate; Bovino; Suino; Abatedouro; Ave domestica; Frigorifico; Brasil] | |
| 260 | 3 |
_aRio de Janeiro, GB (Brasil): _c1958. |
|
| 300 | _a83 p. | ||
| 490 |
_aCarnes, Derivados e Subprodutos - Ministerio da Agricultura. Servico de Estatistica da Producao (Brazil) _v _x |
||
| 500 | _aNumerical data | ||
| 650 | _aABATE | ||
| 650 | _aBOVINO | ||
| 650 | _aSUINO | ||
| 650 | _aABATEDOURO | ||
| 650 | _aAVE DOMESTICA | ||
| 650 | _aFRIGORIFICO | ||
| 650 | _aCARNE FRESCA | ||
| 650 | _aCARNE TRATADA | ||
| 909 |
_a202312 _bLúcia Elande _c55 _dLúcia Elande |
||
| 942 |
_2AGRIS _n0 _cMS |
||
| 999 |
_c260998 _d260998 |
||